LEADER 00755nam a2200181 i 4500 001 000000216085 003 CaOOAMICUS 005 20121002000000.0 008 121002s1767 it u000 u fre u 013 $a194962 026 $a24es unen 1.es ceda (3) 1767 (R) 040 $aSeMil$bita 245 10$aTome second. 300 $axij, 401, [5] p. 773 0 $aNicole, Pierre <1625-1695>$tInstructions théologiques et morales sur les sacremens. Par feu monsieur Nicole. Tome 1. [-2.].$dA Paris : Chez G. Desprez, imprimeur ordinaire du roi & clergé de France, rue S. Jacques, 1767.$g2$w()27422 850 $aSeMil 852 $aSeMil$W1$xVenegono$y1$m2B I 72 FA$j166505$B166505$CSeMilBibl$Z2$F177400 $8I 996 $6245$aTome second$9(OLS)http://semarc/title/137745 LEADER 01443nam a2200289 i 4500 001 000000041259 003 CaOOAMICUS 005 20220824090952.0 008 950112s1863 it u000 u ita u 013 $a12429 040 $aSeMil$bita 100 1 $aVitali, Luigi .$0(OLS)http://semarc/name/27678 245 03$aLe piaghe della Chiesa milanese /$c[Luigi Vitali]. 264 1$aMilano :$bGaetano Brigola,$c1863. 300 $a295 p. ;$c18 cm 500 $aIn appendice: La conciliazione del cattolicismo colla libertà : ricordi di un discorso dell'ab. Avignone 600 14$aBallerini, Paolo Angelo .$0(OLS)http://semarc/subject/7330 650 4$aItalia - Storia - Sec. 19.$0(OLS)http://semarc/subject/238 650 4$aMilano (Arcidiocesi) - Storia - Sec. 19.$0(OLS)http://semarc/subject/2613 850 $aSeMil 852 $aSeMil$W1$xVenegono$y1$m3O I 6 FA$j21377$B21377$CSeMilBibl$Z2$F21379 $8I 852 $aSeMil$W1$xVenegono$y1$m2G II 24 FA$j234007$B7414$CSeMilBibl$Z2$F7414 $8I 856 42$uhttp://books.google.it/books?id=ifZHG6bqfsUC&printsec=frontcover&hl=it&source=gbs_ge_summary_r&cad=0#v=onepage&q&f=false 961 $aOmaggio: Biblioteca Seminario Duomo 996 $6245$aLe piaghe della Chiesa milanese$9(OLS)http://semarc/title/85615 996 $6264$aMilano :$bGaetano Brigola$9(OLS)http://semarc/publisher/36149